Great Escapes Asia /

Serie que hace un recorrido por hoteles gran turismo alrededor del mundo, en monografías organizadas por continentes o subcontinentes y, al interior de cada volumen, por países. Las numerosas fotografías de cada hotel van precedidas por un breve texto sobre las características del establecimiento.

محفوظ في:
التفاصيل البيبلوغرافية
المؤلف الرئيسي: Taschen, Angelika (edición)
مؤلفون آخرون: Reiter, Christiane (texto) (texto)
التنسيق: كتاب
اللغة:German
منشور في: Colonia, Alemania : Taschen, 2004, c2004
سلاسل:(Great Escapes)
الموضوعات:
الوسوم: إضافة وسم
لا توجد وسوم, كن أول من يضع وسما على هذه التسجيلة!

MARC

LEADER 00000nam^a2200000^a^4500
001 000410333
005 20250521000000.0
009 20260310122045.345
020 |a 978-3-8365-5565-4 
037 |a Acervo ITESO - Biblioteca 
041 |a ALE 
082 |a 910. 202  |b GRE V. 3 
100 |a Taschen, Angelika  |e (edición) 
240 1 1 |a [Great Escapes] 
245 1 0 |a Great Escapes Asia /  |c Ed. de A. Taschen ; texto de S.M. Cassidy ; tr. por Cathy Lara, John Sykes, Thérèse Chatelain-Südkamp, Michèles Schreyer, Christèle Jany. 
264 4 |a Colonia, Alemania :  |b Taschen,  |c 2004, c2004 
300 |a 359 p. 
336 |a texto  |b txt  |2 rdacontenido 
337 |a sin mediación  |b n  |2 rdamedio 
338 |a volumen  |b nc  |2 rdasoporte 
440 1 |a (Great Escapes) 
520 |a Serie que hace un recorrido por hoteles gran turismo alrededor del mundo, en monografías organizadas por continentes o subcontinentes y, al interior de cada volumen, por países. Las numerosas fotografías de cada hotel van precedidas por un breve texto sobre las características del establecimiento. 
546 |a Edición trilingüe alemán-francés-inglés 
649 |a XX 
650 |a Guías Turísticas 
650 |a Hoteles -  |z Asia -  |x Tema Principal 
650 |a Turismo -  |z Asia -  |x Tema Principal 
650 |a Decoración y Ornamentación -  |z Asia 
650 |a Arquitectura Asiática -  |x Historia y Crítica 
650 |a Asia -  |x Descripción -  |x Guías Turísticas 
650 |a Asia -  |x Fotografías 
650 |a Asia -  |x Tema Principal 
700 |a Reiter, Christiane  |e (texto) 
910 |a Fondo General 
920 |a Impresos - Libros 
930 |a Colección General 
905 |a 101 
901 |a 0500319058  |b IT1  |c ACC  |i C164849  |u 20250521 
902 |a https://opac.biblio.iteso.mx/vufind/Record/000410333